Quiz des logo de marques de voitures #2 - Statistiques

Statistiques générales
  • Ce quiz a été pris 562 fois
  • Le résultat moyen est 6 sur 8
Statistiques - réponses
Par images Réponse % Correct
Mercedes
99%
Renault
87%
Suzuki
86%
Fiat
83%
Porsche
83%
Seat
81%
Cupra
68%
DS Automibiles
1%
Aucun quiz correspondant
Distribution des résultats
% des personnes avec chaque résultat
Percentile par nombre de réponses
Votre historique - résultats
Vous n’avez pas pris ce quiz